Départements des Vosges - Statistiques

Statistiques générales
  • Ce quiz a été pris 4 775 fois
  • Le résultat moyen est 6 sur 7
Statistiques - réponses
Départements % Correct
88 | Vosges
94%
67 | Bas-Rhin
91%
68 | Haut-Rhin
91%
57 | Moselle
87%
54 | Meurthe-et-Moselle
84%
90 | Territoire de Belfort
79%
70 | Haute-Saône
65%
Aucun quiz correspondant
Distribution des résultats
% des personnes avec chaque résultat
Percentile par nombre de réponses
Votre historique - résultats
Vous n’avez pas pris ce quiz